Essential English Grammer (Record no. 3720)

MARC details
000 -LEADER
fixed length control field 00420nam a22001697a 4500
005 - DATE AND TIME OF LATEST TRANSACTION
control field 20160623162706.0
008 - FIXED-LENGTH DATA ELEMENTS--GENERAL INFORMATION
fixed length control field 160623b xxu||||| |||| 00| 0 eng d
020 ## - INTERNATIONAL STANDARD BOOK NUMBER
ISBN 978-0521-00268-4
041 ## - LANGUAGE CODE
Language code of text/sound track or separate title eng
082 ## - DEWEY DECIMAL CLASSIFICATION NUMBER
Item number 9646
100 ## - MAIN ENTRY--AUTHOR NAME
Personal name Naylor, Helen and Murphy Raymond
245 ## - TITLE STATEMENT
Title Essential English Grammer
260 ## - PUBLICATION, DISTRIBUTION, ETC. (IMPRINT)
Name of publisher combridge Uni. Press
Year of publication 2009
300 ## - PHYSICAL DESCRIPTION
Number of Pages 106
650 ## - SUBJECT ADDED ENTRY--TOPICAL TERM
Topical Term Management
942 ## - ADDED ENTRY ELEMENTS (KOHA)
Koha item type Books
Holdings
Lost status Damaged status Home library Current library Date acquired Cost, normal purchase price Full call number Accession Number Koha item type Collection code Shelving location
Lost   JRU Library JRU Library 23/06/2016 80.00 9646 9646 Books    
    JRU Library JRU Library 23/06/2016 80.00 9646 9647 Books ENGLISH SHELF-102-B